Countries by Picture #2 - Statistics

General Stats
  • This quiz has been taken 72,134 times
  • The average score is 10 of 15
Answer Stats
Picture Answer % Correct
Egypt
100%
United Kingdom
96%
Peru
90%
Saudi Arabia
81%
Mongolia
79%
Italy
75%
Turkey
69%
Vietnam
69%
Malaysia
65%
Iraq
63%
Switzerland
57%
Indonesia
44%
Madagascar
44%
Ecuador
35%
Ukraine
27%
No matching quizzes found
Score Distribution
Percent of People with Each Score
Percentile by Number Answered
Your Score History
You have not taken this quiz